000 00390nam a2200157Ia 4500
003 OSt
005 20230602112334.0
008 211028s2012 xx 000 0 und d
040 _cAIMIT LIBRARY
041 _aeng
100 _aSnigdha; Santhosh, B.
_98392
_e101935
110 _aSanthosh B
_98393
245 _aBanking solutions via NFC.
260 _aMangalore
_c2012
942 _2ddc
_cPRO
999 _c219865
_d219865